| 000 | 01098nam a2200289 a 4500 | ||
|---|---|---|---|
| 001 | 65332 | ||
| 003 | BD-RjUL | ||
| 005 | 20211209081418.0 | ||
| 008 | 170401s1981 caub b 100 0 eng d | ||
| 020 | _a0803916647 | ||
| 020 | _a0803916655 (pbk.) | ||
| 035 | _a(BD-RjUL)65462 | ||
| 040 |
_aDLC _cDLC _dMYG _dBD-RjUL _beng |
||
| 041 | _aeng | ||
| 082 |
_223 _a326.96 _bIDE 1981 |
||
| 245 | 0 | 4 |
_aThe Ideology of slavery in Africa / _cPaul E. Lovejoy, editor. |
| 260 |
_aBeverly Hills : _bSage Publications, _cc1981. |
||
| 300 |
_a311 p. : _bill. ; _c23 cm. |
||
| 490 | 1 |
_aSage series on African modernization and development ; _vv. 6 |
|
| 500 | _aPapers presented at a conference held at York University, Toronto, in April 1980, sponsored by the Dept. of History. | ||
| 504 | _aIncludes bibliographies. | ||
| 650 | 0 |
_aSlavery _zAfrica _xJustification _vCongresses. _9193372 |
|
| 700 | 1 |
_aLovejoy, Paul E. _9193373 |
|
| 710 | 2 |
_aYork University (Toronto, Ont.). _bDepartment of History. _9193374 |
|
| 830 | 0 |
_aSage series on African modernization and development ; _vv. 6. _9202233 |
|
| 942 |
_2ddc _cBK |
||
| 999 |
_c65332 _d65332 |
||